000
00223nam a22000857a 4500
008
160811b xxu||||| |||| 00| 0 eng d
100
_9
111
_a
Dahl R
245
_a
The Witches (Roald Dahl)
260
_a
USA
_b
Jonathan publication
_c
1983
999
_c
2765
_d
2765